000 00520nam a22001937a 4500
003 koha_MIRAKIL
005 20231213100004.0
008 231213b |||||||| |||| 00| 0 ||| d
020 _b978-9-75403782-1
040 _aTR-IsEVY
_btur
_cTR-IsEVY
082 _a540 ELİ
100 _aed. Lindsey Lowe; çev. Özlem Köroğlu.
245 0 _aElinizin altındaki gerçekler
_bkimyayı tanıyalımametaller
260 _bTÜBİTAK,
_c2014
300 _a64 s.
650 _aAtom.
650 _aAtoms.
942 _2ddc
_cBK
999 _c12710
_d12710